50 Personajes de Física o Química por Fotos - Estadísticas

Estadísticas generales
  • Esta prueba ha sido intentada 188 veces
  • La puntuación promedio es 22 de 50
Estadísticas de respuestas
Imagen Respuesta % Correcto
Gorka Martínez
93%
Yolanda "Yoli" Freire
92%
Fernando "Fer" Redondo
91%
César Cabano
90%
Paula Blasco Prieto
85%
Ruth Gómez
85%
Blanca Román
82%
Irene Calvo
80%
Covadonga "Cova" Ariste
76%
Isaac Blasco Prieto
75%
Olimpia Díaz
74%
Roque Madrona
74%
Julio de la Torre
73%
Clara Yanes
70%
David Ferrán
69%
Alma Núñez
56%
Joaquín "Quino" Domínguez
54%
Violeta Cortés
51%
Jan Taeming
48%
Vicente Vaquero
46%
Alberto "Berto" Freire
45%
Félix Alonso
43%
Martín Aguilar
42%
Teresa Parra
42%
Adolfo Madrona
38%
Rashid "Román"
38%
Álvaro
33%
Verónica "Vero"
32%
Miguel Belaza
31%
Daniela Vaquero
29%
Jon
29%
Arturo
26%
Mario
26%
Jonathan
25%
Salvador "Salva" Quintanilla
23%
Marina Conde
22%
Leonor "Leo"
21%
Thomas
21%
Rubén de la Torre
20%
Enrique
18%
Jorge
18%
Alba Madrona
16%
Sara
15%
Antonio "Toño" Aramillo
14%
Xavi
11%
Borja
10%
Dolores "Loli" Prieto
9%
Hugo
9%
Luis Parra
8%
Xiaomei
5%
No se encontraron pruebas coincidentes
Distribución de puntuación
Porcentaje de gente con cada puntuación
Porcentaje por número respondido
Historial de tus puntuaciones
No has intentado esta prueba.